00554nam a2200133Ia 4500008004100000100002400041245010400065245010200169260005300271260000900324300001100333650001500344856006100359170221s9999 xx 000 0 und d aTatiana N. Knyazeva aPsychological Conditions for the Acceptance of Religious Education by a New Generation of Russians  cTatiana N. Knyazeva, Lidiya E. Semenova, Anna V. Chevachina, Marina B. Batyuta, Elena V. Sidorina bInternational Review of Management and Marketing c2016 a6 : 2S xMarketing. uhttp://www.econjournals.com/index.php/irmm/issue/view/71